שמור ב:
| פורמט: | לא ידוע |
|---|---|
| שפה: | Spanish |
| נושאים: | |
| תגים: |
הוספת תג
אין תגיות, היה/י הראשונ/ה לתייג את הרשומה!
|
MARC
| LEADER | 000000000a22000000004500 | ||
|---|---|---|---|
| 001 | 003240 | ||
| 041 | 0 | |a spa | |
| 310 | |a anual | ||
| 500 | |a La Biblioteca contiene: vol. 24, 29, 30 y 32 (a Junio del 2011). Los otros números fueron donados a otras bibliotecas. | ||
| 650 | 4 | |a MARTI, JOSE | |
| 773 | 0 | |x 06841358 |d La Habana; Cuba : Centro de Estudios Martianos |t Anuario del Centro de Estudios Martianos |g (1978-), páginasv. | |
| 942 | |c ARC | ||
| 999 | |c 9990 |d 9990 | ||
